[Event "4NCL Division 4 South"]
[Site "Reading, ENG"]
[Date "2018.01.13"]
[Round "3.54"]
[White "Price, Andrew"]
[Black "Barr, Gabriel J"]
[Result "1/2-1/2"]
[WhiteElo "1855"]
[BlackElo "1838"]
[PlyCount "116"]
[EventDate "2018.01.13"]

1. e4 e6 2. d4 d5 3. exd5 exd5 4. Nf3 Nf6 5. Bd3 Bd6 6. O-O O-O 7. c3 c6 8. Bg5
Bg4 9. Nbd2 Nbd7 10. Qc2 Qc7 11. h3 Bh5 12. Nh4 Bg6 13. Nxg6 hxg6 14. Nf3 c5
15. Rfe1 c4 16. Bf1 Ne4 17. Rxe4 dxe4 18. Qxe4 b5 19. g3 Rfe8 20. Qc2 Rab8 21.
a4 a6 22. h4 Nf6 23. Bg2 Ne4 24. Nd2 Nxd2 25. Qxd2 b4 26. cxb4 Rxb4 27. Qc2
Reb8 28. Bd5 Qb6 29. Be3 Qc7 30. Qxg6 Rxb2 31. Bxc4 Qxc4 32. Qxd6 Rb1+ 33. Rxb1
Rxb1+ 34. Kh2 Qf1 35. Qd8+ Kh7 36. Qd5 Qg1+ 37. Kh3 Qh1+ 38. Qxh1 Rxh1+ 39. Kg4
Ra1 40. Kf5 Rxa4 41. Ke5 Ra1 42. Kd6 a5 43. Kc5 Kg8 44. d5 Kf8 45. d6 Ke8 46.
Kb5 a4 47. Kb4 Kd7 48. Bd4 Rd1 49. Bxg7 Kxd6 50. Kxa4 Rd2 51. Bh6 Rxf2 52. Bf4+
Ke6 53. h5 Kf5 54. Kb3 Rh2 55. h6 Kg6 56. Kc3 Rh3 57. Kd4 Rxg3 58. Bxg3 Kxh6
1/2-1/2

[Event "4NCL Division 4 South"]
[Site "Reading, ENG"]
[Date "2018.01.13"]
[Round "3.55"]
[White "Ignatovic, Ernest"]
[Black "Olaleye, Oladejo"]
[Result "0-1"]
[WhiteElo "1688"]
[BlackElo "1840"]
[PlyCount "74"]
[EventDate "2018.01.13"]

1. d4 d5 2. Nf3 Nf6 3. g3 Nc6 4. Bg2 Bg4 5. O-O h5 6. Bf4 Bxf3 7. Bxf3 h4 8. c4
hxg3 9. fxg3 Qd7 10. Bg2 O-O-O 11. Nc3 dxc4 12. d5 Nb4 13. Qd4 Kb8 14. Qxc4 Na6
15. Nb5 e6 16. d6 cxd6 17. Rfd1 Nd5 18. Bxd5 exd5 19. Qxd5 Qh3 20. Qg2 Qf5 21.
Rd5 Qc2 22. Qf2 b6 23. Rc1 Qxb2 24. Rc6 Kb7 25. Rc3 Qxa2 26. Qf3 Kb8 27. Bxd6+
Bxd6 28. Qxf7 Qb1+ 29. Kg2 Qe4+ 30. Rf3 Qxe2+ 31. Rf2 Qe4+ 32. Kg1 Bc7 33. Nxc7
Nxc7 34. Rxd8+ Rxd8 35. Qa2 Rd1+ 36. Rf1 Rxf1+ 37. Kxf1 Qh1+ 0-1

[Event "4NCL Division 4 South"]
[Site "Reading, ENG"]
[Date "2018.01.13"]
[Round "3.56"]
[White "Davidson, Laura"]
[Black "Perez Fadon, Andres"]
[Result "1/2-1/2"]
[WhiteElo "1772"]
[BlackElo "1570"]
[PlyCount "51"]
[EventDate "2018.01.13"]

1. d4 e6 2. Nf3 d5 3. e3 Nf6 4. Bd3 Bd6 5. Nbd2 O-O 6. O-O b6 7. c3 Ba6 8. Bxa6
Nxa6 9. Qe2 Nb8 10. e4 dxe4 11. Nxe4 Nxe4 12. Qxe4 Nd7 13. Bg5 Be7 14. Bxe7
Qxe7 15. Rfe1 Qd6 16. Qh4 c5 17. Rad1 Nf6 18. dxc5 Qxc5 19. Re5 Qe7 20. Ng5
Rad8 21. Rde1 h6 22. Nf3 Nd5 23. Qe4 Qf6 24. Nd4 Qf4 25. Nc6 Qxe4 26. R5xe4
1/2-1/2

[Event "4NCL Division 4 South"]
[Site "Reading, ENG"]
[Date "2018.01.13"]
[Round "3.61"]
[White "Fegan, Chris"]
[Black "McMahon, Paul"]
[Result "0-1"]
[WhiteElo "2038"]
[BlackElo "1952"]
[PlyCount "142"]
[EventDate "2018.01.13"]

1. e4 e5 2. Nf3 Nc6 3. Bb5 a6 4. Ba4 Nf6 5. Qe2 b5 6. Bb3 Be7 7. O-O O-O 8. Rd1
d6 9. h3 Na5 10. d4 Nxb3 11. axb3 exd4 12. Nxd4 Bb7 13. e5 Nd7 14. e6 Nc5 15.
Nc3 Bf6 16. b4 Nxe6 17. Nxe6 fxe6 18. Qxe6+ Kh8 19. Be3 Be5 20. Qg4 Qf6 21. Rd3
Rae8 22. Rf1 Bc8 23. Ne4 Qe7 24. Qg5 Bxb2 25. Qxe7 Rxe7 26. f3 Be5 27. g4 Bb7
28. Bg5 Ref7 29. Nd2 Bf4 30. Bxf4 Rxf4 31. Rc3 Rc8 32. Re1 Kg8 33. Re7 Rf7 34.
Ree3 Kf8 35. Ne4 Re7 36. Kf2 Bxe4 37. Rxe4 Rxe4 38. fxe4 c5 39. Ke3 Ke7 40. Kd2
Ke6 41. Kd3 Rd8 42. Ke3 cxb4 43. Rb3 Rc8 44. Rxb4 Rxc2 45. Rb1 Rc4 46. Ra1 Ra4
47. Rc1 g6 48. h4 Ke5 49. Rc7 Rxe4+ 50. Kf3 d5 51. Rxh7 Rf4+ 52. Kg3 Rf6 53. h5
gxh5 54. gxh5 b4 55. Rb7 Rh6 56. Kg4 a5 57. Kg5 Rh8 58. h6 Kd4 59. Rb5 Ra8 60.
h7 Kc4 61. Rxa5 Rh8 62. Kg6 b3 63. Ra7 d4 64. Rc7+ Kd3 65. Rb7 Kc2 66. Rc7+ Kb1
67. Rd7 b2 68. Rxd4 Rb8 69. Rd7 Kc2 70. Rc7+ Kb3 71. h8=Q b1=Q+ 0-1

[Event "4NCL Division 4 South"]
[Site "Reading, ENG"]
[Date "2018.01.13"]
[Round "3.62"]
[White "McCorry, Robert T"]
[Black "Foley, John P"]
[Result "1-0"]
[WhiteElo "1995"]
[BlackElo "1957"]
[PlyCount "157"]
[EventDate "2018.01.13"]

1. e4 c6 2. d4 d5 3. Nd2 dxe4 4. Nxe4 Nf6 5. Nxf6+ exf6 6. c3 Bd6 7. Bd3 Nd7 8.
Ne2 Qc7 9. Qc2 h6 10. Ng3 O-O 11. O-O Re8 12. c4 b6 13. Bd2 Bb7 14. f4 c5 15.
d5 b5 16. b3 b4 17. Rad1 a5 18. Nf5 Bf8 19. Bc1 a4 20. Qf2 g6 21. Qg3 axb3 22.
axb3 Ra2 23. Nh4 Bg7 24. Rde1 Rxe1 25. Rxe1 Nf8 26. Bb1 Ra8 27. Bb2 Rd8 28. Qe3
Bc8 29. f5 g5 30. Nf3 Bd7 31. g4 Nh7 32. Nd2 Bf8 33. Ne4 Re8 34. Qf2 Bd6 35.
Nxd6 Rxe1+ 36. Qxe1 Qxd6 37. Bc1 Nf8 38. Qg3 Qxg3+ 39. hxg3 Bc8 40. Kf2 Nd7 41.
Bb2 Kf8 42. d6 Bb7 43. Ke3 Ke8 44. Be4 Bxe4 45. Kxe4 Kd8 46. Kd5 Kc8 47. Kc6
Kd8 48. Kd5 Kc8 49. Bc1 Ne5 50. Be3 Nxg4 51. Bxc5 h5 52. Ke4 h4 53. gxh4 gxh4
54. Kf3 Ne5+ 55. Kg2 Nd3 56. Be3 Ne1+ 57. Kh3 Nc2 58. Bd2 Nd4 59. Bxb4 Nxb3 60.
Kxh4 Kd7 61. Kg4 Kc6 62. Kf4 Nc1 63. Ke3 Na2 64. Ba3 Nc3 65. Kd3 Nd1 66. c5
Nf2+ 67. Ke3 Ng4+ 68. Ke4 Ne5 69. Bb2 Nd7 70. Bd4 Nb8 71. Kf4 Kd5 72. Bf2 Nc6
73. Kg4 Ke4 74. Bg3 Nb8 75. c6 Nxc6 76. d7 Kd5 77. Bc7 Ke4 78. d8=Q Nxd8 79.
Bxd8 1-0

[Event "4NCL Division 4 South"]
[Site "Reading, ENG"]
[Date "2018.01.13"]
[Round "3.63"]
[White "Rice, Chris B"]
[Black "Judkins, Brian D"]
[Result "1-0"]
[WhiteElo "1967"]
[BlackElo "1754"]
[PlyCount "67"]
[EventDate "2018.01.13"]

1. c4 e5 2. g3 Nf6 3. Bg2 Nc6 4. Nc3 g6 5. e4 Bg7 6. Nge2 O-O 7. O-O d6 8. d3
Nd7 9. Nd5 a5 10. Rb1 Nc5 11. Be3 b6 12. Qd2 Ne6 13. f4 Ned4 14. f5 Nxe2+ 15.
Qxe2 f6 16. Qd2 g5 17. b3 Bb7 18. a3 Ne7 19. d4 c5 20. dxe5 dxe5 21. b4 Nxd5
22. cxd5 axb4 23. axb4 Ba6 24. Rfc1 cxb4 25. Rxb4 b5 26. Bf1 Qd7 27. Rc6 Rfb8
28. Rb1 Bb7 29. Rb6 Bc8 30. R6xb5 Rxb5 31. Bxb5 Qd6 32. Rc1 Qb8 33. Bc6 Ra6 34.
d6 1-0

[Event "4NCL Division 4 South"]
[Site "Reading, ENG"]
[Date "2018.01.13"]
[Round "3.64"]
[White "Ribbands, Patrick C"]
[Black "Lawson, Maurice E"]
[Result "0-1"]
[WhiteElo "1735"]
[BlackElo "1948"]
[PlyCount "56"]
[EventDate "2018.01.13"]

1. c4 e5 2. Nc3 Nc6 3. g3 d6 4. Bg2 Be6 5. d3 Qd7 6. Nd5 g6 7. e4 Bg7 8. Ne2
Nd8 9. O-O c6 10. Ne3 Bh3 11. b3 Bxg2 12. Kxg2 Ne7 13. Ba3 Ne6 14. Rc1 Rd8 15.
Qd2 O-O 16. Rcd1 Rfe8 17. f4 exf4 18. Nxf4 Nxf4+ 19. Rxf4 Bh6 20. Rf3 d5 21.
exd5 Nf5 22. Re1 cxd5 23. Qf2 Nxe3+ 24. Rfxe3 Bxe3 25. Rxe3 Rxe3 26. Qxe3 dxc4
27. Bb2 Qxd3 28. Qe5 Qd5+ 0-1

[Event "4NCL Division 4 South"]
[Site "Reading, ENG"]
[Date "2018.01.13"]
[Round "3.65"]
[White "Vachtfeidl, Petr"]
[Black "Sahinoz, Giulio O"]
[Result "1/2-1/2"]
[WhiteElo "1919"]
[BlackElo "1712"]
[PlyCount "64"]
[EventDate "2018.01.13"]

1. d4 Nf6 2. c4 e6 3. Nc3 Bb4 4. e3 O-O 5. Nge2 c5 6. a3 cxd4 7. exd4 Be7 8. d5
d6 9. Ng3 e5 10. Bd3 Re8 11. O-O b6 12. b4 Bf8 13. h3 g6 14. Be3 Nbd7 15. Qd2
Bg7 16. Bg5 Ba6 17. a4 Qc7 18. Rac1 Rac8 19. Bh6 Qb8 20. Bxg7 Kxg7 21. Qa2 Ng8
22. Nge4 Qc7 23. Nb5 Bxb5 24. axb5 f5 25. Ng5 Nf8 26. Be2 h6 27. Nf3 Nf6 28.
Rfd1 N8d7 29. Rc3 Ra8 30. Ra3 Reb8 31. Ra1 Rb7 32. Kf1 Kh7 1/2-1/2

[Event "4NCL Division 4 South"]
[Site "Reading, ENG"]
[Date "2018.01.13"]
[Round "3.66"]
[White "Mountford, Corinne"]
[Black "Fowler, David"]
[Result "0-1"]
[WhiteElo "1705"]
[BlackElo "1904"]
[PlyCount "60"]
[EventDate "2018.01.13"]

1. d4 e6 2. Nf3 Nf6 3. e4 Nxe4 4. Bd3 Nf6 5. c3 c5 6. Bg5 Be7 7. Nbd2 O-O 8.
dxc5 Bxc5 9. Bxf6 Qxf6 10. Ne4 Qe7 11. b4 Bb6 12. h4 f5 13. Ned2 d5 14. Ng5 Nd7
15. Qe2 e5 16. Bc2 Nf6 17. O-O-O a5 18. Qb5 Qc7 19. Nb1 Bd7 20. Qe2 axb4 21.
Bb3 Bd4 22. Qc2 bxc3 23. Rd3 Rac8 24. Rf1 f4 25. Rdd1 g6 26. Qe2 c2 27. Bxc2
Bf5 28. Rd2 Qb6 29. Kd1 Bxc2+ 30. Rxc2 Qxb1+ 0-1

[Event "4NCL Division 4 South"]
[Site "Reading, ENG"]
[Date "2018.01.13"]
[Round "3.71"]
[White "Smith, Olivia"]
[Black "Mashayekh, Majid"]
[Result "1-0"]
[WhiteElo "2095"]
[BlackElo "1908"]
[PlyCount "85"]
[EventDate "2018.01.13"]

1. e4 c5 2. Nf3 d6 3. Bb5+ Bd7 4. Bxd7+ Qxd7 5. O-O Nc6 6. c3 Nf6 7. Re1 g6 8.
d4 Bg7 9. Bg5 O-O 10. Bxf6 Bxf6 11. dxc5 Rad8 12. cxd6 exd6 13. Na3 Rfe8 14.
Qc2 a6 15. Nc4 Qe6 16. Nb6 Ne5 17. Nd4 Qg4 18. h3 Qh4 19. Nd5 Nd7 20. Nf3 Qh6
21. Nxf6+ Nxf6 22. Rad1 d5 23. e5 Nh5 24. g3 Ng7 25. Kg2 Ne6 26. Nh2 Qf8 27.
Ng4 Re7 28. Nf6+ Kg7 29. Rxd5 Rxd5 30. Nxd5 Rd7 31. Nf6 Rd8 32. Rd1 Rxd1 33.
Qxd1 Qc5 34. Qd5 Qc8 35. Ne4 Qc7 36. Nd6 Qc6 37. Qxc6 bxc6 38. b4 Kf8 39. f4
Ke7 40. Kf3 f6 41. Ke4 f5+ 42. Kd3 g5 43. Nxf5+ 1-0

[Event "4NCL Division 4 South"]
[Site "Reading, ENG"]
[Date "2018.01.13"]
[Round "3.72"]
[White "Towers, Nigel S"]
[Black "Choo Yin, Benjamin"]
[Result "1-0"]
[WhiteElo "1811"]
[BlackElo "1747"]
[PlyCount "126"]
[EventDate "2018.01.13"]

1. e4 c5 2. Nf3 Nc6 3. d4 cxd4 4. Nxd4 g6 5. Nc3 Bg7 6. Nde2 Nf6 7. g3 O-O 8.
Bg2 d6 9. O-O Bd7 10. h3 Rc8 11. Kh2 Qc7 12. Bg5 Ne5 13. Rc1 e6 14. Bf4 Nh5 15.
Bg5 Nc4 16. Rb1 Qc5 17. Bc1 Rfd8 18. g4 Nf6 19. b3 Ne5 20. f4 Nexg4+ 21. hxg4
Nxg4+ 22. Kg3 Ne3 23. Bxe3 Qxe3+ 24. Rf3 Qc5 25. Qd3 d5 26. exd5 exd5 27. Qxd5
Qb4 28. a3 Qe7 29. Qe4 Qf6 30. Nd5 Qd6 31. Ne7+ Kf8 32. Nxc8 Rxc8 33. Rd3 Qc7
34. c4 Bf5 35. Qd5 Bxd3 36. Qxd3 g5 37. Rd1 gxf4+ 38. Nxf4 Be5 39. Qf5 Ke7 40.
Kf3 Bxf4 41. Qxf4 Qc6+ 42. Qe4+ Qxe4+ 43. Kxe4 Rg8 44. Bf3 Ke6 45. Kf4 b6 46.
Bg4+ Kf6 47. Rd6+ Kg7 48. Rd7 Ra8 49. Bh5 a5 50. Rxf7+ Kh6 51. Bf3 Kg6 52. Bxa8
Kxf7 53. Ke5 Ke7 54. Bf3 Kd7 55. Kd5 Kc7 56. Bg4 h6 57. Be2 Kd7 58. c5 Kc7 59.
c6 a4 60. b4 Kc8 61. Kd6 b5 62. c7 h5 63. Bxb5 h4 1-0

[Event "4NCL Division 4 South"]
[Site "Reading, ENG"]
[Date "2018.01.13"]
[Round "3.73"]
[White "Rathbone-Jones, Ifan"]
[Black "Homolka, Vincent"]
[Result "1-0"]
[WhiteElo "1787"]
[BlackElo "1791"]
[PlyCount "45"]
[EventDate "2018.01.13"]

1. e4 d5 2. exd5 Qxd5 3. Nc3 Qa5 4. d4 Nf6 5. Nf3 c6 6. Bd2 Bf5 7. Bc4 e6 8.
O-O Nbd7 9. Re1 Qc7 10. h3 Nb6 11. Bb3 O-O-O 12. a4 Bd6 13. Ne5 Nbd5 14. Na2
Ne4 15. c4 Ndf6 16. Bf4 g5 17. Bh2 Nxf2 18. Kxf2 Ne4+ 19. Kg1 c5 20. Nc3 cxd4
21. Nb5 Qe7 22. Nxa7+ Kb8 23. Nac6+ 1-0

[Event "4NCL Division 4 South"]
[Site "Reading, ENG"]
[Date "2018.01.13"]
[Round "3.74"]
[White "Makkar, Rajat"]
[Black "Sivarajasingam, Shayanna"]
[Result "1-0"]
[WhiteElo "1722"]
[BlackElo "1700"]
[PlyCount "145"]
[EventDate "2018.01.13"]

1. d4 d5 2. c4 e6 3. Nc3 Nf6 4. cxd5 exd5 5. Bg5 c6 6. Qc2 Be7 7. e3 O-O 8. Bd3
h6 9. Bh4 Nbd7 10. Nf3 Re8 11. O-O Ne4 12. Bxe7 Qxe7 13. Rab1 a5 14. a3 Ndf6
15. b4 Nxc3 16. Qxc3 Ne4 17. Bxe4 dxe4 18. Ne5 axb4 19. axb4 Be6 20. b5 Ba2 21.
Rb2 cxb5 22. Rxb5 f6 23. Ng4 Rac8 24. Qb2 Bc4 25. Rxb7 Qe6 26. Nxh6+ gxh6 27.
Ra1 Ra8 28. Raa7 Rxa7 29. Rxa7 Bd5 30. h3 Re7 31. Qb8+ Kh7 32. Ra5 Rg7 33. Kh2
Qg8 34. Qxg8+ Bxg8 35. Ra6 Kg6 36. g4 Rc7 37. Kg3 Rc2 38. h4 Rc7 39. Kf4 Bd5
40. Rd6 Bb7 41. g5 hxg5+ 42. hxg5 Rf7 43. d5 Bxd5 44. Rxd5 fxg5+ 45. Kg3 Rf3+
46. Kg2 Rf5 47. Rd8 Kf7 48. Rd4 Re5 49. Kg3 Kg6 50. Rd8 Kf7 51. Kg4 Kg7 52.
Rd7+ Kg6 53. Ra7 Kf6 54. Ra6+ Kf7 55. Kh5 Rf5 56. Ra4 Rxf2 57. Kxg5 Ke6 58.
Rxe4+ Kf7 59. Re5 Re2 60. Kf5 Ra2 61. Rb5 Ra7 62. e4 Ke7 63. e5 Rc7 64. Rb1 Rc6
65. Rb7+ Ke8 66. Rh7 Ra6 67. Rh2 Ke7 68. Re2 Rb6 69. Ra2 Rb7 70. Ra6 Rc7 71.
Rh6 Ke8 72. Rh8+ Kd7 73. Rh7+ 1-0

[Event "4NCL Division 4 South"]
[Site "Reading, ENG"]
[Date "2018.01.13"]
[Round "3.75"]
[White "Sivarajasingam, Venetia"]
[Black "Saidmurodov, Shahjahon"]
[Result "0-1"]
[WhiteElo "1731"]
[BlackElo "1639"]
[PlyCount "144"]
[EventDate "2018.01.13"]

1. e4 b6 2. d4 Bb7 3. Bd3 e6 4. Nf3 Nf6 5. Qe2 d5 6. exd5 Bxd5 7. c3 Bd6 8.
Nbd2 Nbd7 9. Nc4 Be7 10. O-O O-O 11. Bf4 Bb7 12. Rad1 Nd5 13. Bg3 N7f6 14. Nce5
Rb8 15. Bb5 Bd6 16. Nc6 Bxc6 17. Bxc6 Bxg3 18. fxg3 Ng4 19. Ne5 Nge3 20. Bxd5
Nxf1 21. Bf3 Nxg3 22. hxg3 Qd6 23. Rf1 Rbe8 24. Qb5 a6 25. Qc6 Qxc6 26. Bxc6
Re7 27. Be4 f6 28. Nc6 Rd7 29. Re1 g6 30. Bd3 Rd6 31. Nb4 a5 32. Nc2 Kf7 33.
Bc4 Rfd8 34. Na3 c6 35. Nc2 b5 36. Be2 Ra8 37. Rf1 Ke7 38. Ne3 Rc8 39. Ng4 f5
40. Ne5 c5 41. Bxb5 cxd4 42. c4 Kf6 43. Ng4+ Kg5 44. Ne5 Kf6 45. Ng4+ Ke7 46.
Ne5 d3 47. Rd1 d2 48. Nf3 Rcd8 49. Kf2 Kf6 50. Ke2 e5 51. Rxd2 e4 52. Rxd6+
Rxd6 53. Nd2 Ke5 54. c5 Rd8 55. c6 Kd6 56. Nb3 Kc7 57. a4 Kb6 58. Nd2 g5 59.
Nc4+ Kc7 60. Nxa5 f4 61. g4 h5 62. Nc4 hxg4 63. Ne5 g3 64. Nc4 Re8 65. a5 g4
66. Nd2 f3+ 67. gxf3 exf3+ 68. Kf1 g2+ 69. Kf2 g3+ 70. Kg1 Re1+ 71. Nf1 gxf1=Q+
72. Bxf1 g2 0-1

[Event "4NCL Division 4 South"]
[Site "Reading, ENG"]
[Date "2018.01.13"]
[Round "3.76"]
[White "John, Joshua"]
[Black "Jaberansari, Daniel"]
[Result "1-0"]
[WhiteElo "1555"]
[BlackElo "1451"]
[PlyCount "97"]
[EventDate "2018.01.13"]

1. d4 Nf6 2. c4 e5 3. dxe5 Ng4 4. Nf3 Bc5 5. e3 Nc6 6. b3 O-O 7. Bb2 Re8 8.
Nbd2 Ngxe5 9. Nxe5 Nxe5 10. Be2 a5 11. O-O Ra6 12. Nf3 Nxf3+ 13. Bxf3 Rh6 14.
Bg4 Bd6 15. h3 Qg5 16. Qf3 Be5 17. Bxe5 Qxe5 18. Rad1 Rf6 19. Qd5 Qxd5 20. Rxd5
d6 21. Bxc8 Rxc8 22. Rxa5 Re6 23. Rd1 h6 24. Kf1 Kf8 25. Ke2 Ke7 26. Rd4 g6 27.
Kd3 Rf6 28. f3 Re6 29. Re4 Rxe4 30. Kxe4 Ke6 31. Kd4 c5+ 32. Ke4 f5+ 33. Kd3
Ke5 34. Rb5 Rc7 35. Rb6 Ke6 36. a3 g5 37. g3 h5 38. b4 cxb4 39. axb4 Ke7 40.
Kd4 Rd7 41. Rb5 Kf6 42. e4 fxe4 43. fxe4 Kg6 44. h4 gxh4 45. gxh4 Kh6 46. Kd5
Re7 47. Rb6 Re5+ 48. Kd4 Re6 49. Rxb7 1-0

[Event "4NCL Division 4 South"]
[Site "Reading, ENG"]
[Date "2018.01.13"]
[Round "3.81"]
[White "Pott, Laurie"]
[Black "Hameed, Asif"]
[Result "0-1"]
[WhiteElo "1786"]
[BlackElo "1817"]
[PlyCount "104"]
[EventDate "2018.01.13"]

1. d4 d5 2. Bf4 c5 3. c3 Nc6 4. e3 Nf6 5. Nf3 Bf5 6. Bd3 Ne4 7. Nh4 e6 8. Nxf5
exf5 9. O-O c4 10. Qc2 cxd3 11. Qxd3 Bd6 12. Bxd6 Nxd6 13. Nd2 O-O 14. f3 Re8
15. Rae1 Qa5 16. a3 Qb6 17. Qc2 Rac8 18. Qb1 g6 19. Rf2 Na5 20. e4 dxe4 21.
fxe4 fxe4 22. Nxe4 Nxe4 23. Rxe4 Rxe4 24. Qxe4 Nc4 25. Qd5 Qe6 26. Qxb7 Nd2 27.
Qxc8+ Qxc8 28. Rxd2 Kf8 29. d5 Ke7 30. d6+ Kd7 31. Kf1 Qc4+ 32. Ke1 f5 33. Kd1
a5 34. Kc2 a4 35. Rd4 Qc6 36. g3 Qg2+ 37. Rd2 Qe4+ 38. Kc1 g5 39. Rd4 Qh1+ 40.
Kc2 Qxh2+ 41. Kc1 Qg1+ 42. Kc2 Qf2+ 43. Kc1 Qxg3 44. Rxa4 Kxd6 45. Ra6+ Kc5 46.
Ra4 Qe1+ 47. Kc2 Qe2+ 48. Kc1 f4 49. Rd4 f3 50. b4+ Kc6 51. Rd2 Qe3 52. Kc2 f2
0-1

[Event "4NCL Division 4 South"]
[Site "Reading, ENG"]
[Date "2018.01.13"]
[Round "3.82"]
[White "Gentry, Alan E"]
[Black "Pack, James"]
[Result "1-0"]
[WhiteElo "1726"]
[BlackElo "1765"]
[PlyCount "71"]
[EventDate "2018.01.13"]

1. d4 Nf6 2. c4 e6 3. Nf3 d5 4. Nc3 Be7 5. Bf4 O-O 6. e3 a6 7. Bd3 dxc4 8. Bxc4
b5 9. Bd3 Bb7 10. O-O Nbd7 11. Rc1 Rc8 12. Qe2 c5 13. Rfd1 c4 14. Bb1 b4 15.
Na4 Qa5 16. b3 c3 17. e4 Rfe8 18. Be5 Bc6 19. Bxf6 Bxf6 20. e5 Be7 21. Qc2 g6
22. Qe2 Bxa4 23. bxa4 Qxa4 24. Bd3 Rc6 25. Bc4 Rb8 26. Bb3 Qa5 27. d5 exd5 28.
Bxd5 Rc5 29. Bxf7+ Kxf7 30. e6+ Ke8 31. exd7+ Kd8 32. Nd4 Rb6 33. Ne6+ Rxe6 34.
Qxe6 Rf5 35. Qc6 Rf8 36. Qc8# 1-0

[Event "4NCL Division 4 South"]
[Site "Reading, ENG"]
[Date "2018.01.13"]
[Round "3.83"]
[White "Thatte, Nishchal"]
[Black "Tselos, Aristotelis"]
[Result "0-1"]
[WhiteElo "1607"]
[BlackElo "1795"]
[PlyCount "122"]
[EventDate "2018.01.13"]

1. c4 c5 2. Nf3 Nf6 3. Nc3 Nc6 4. g3 g6 5. Bg2 Bg7 6. O-O O-O 7. e3 d6 8. d4
Bf5 9. a3 Nd7 10. d5 Na5 11. Qe2 Bg4 12. b4 Bxc3 13. Rb1 cxb4 14. axb4 Qb6 15.
Ba3 Ne5 16. bxa5 Qxa5 17. Bb2 Qa2 18. Rfc1 Nxf3+ 19. Bxf3 Bxf3 20. Qxf3 Bxb2
21. Qe2 a5 22. Rxb2 Qa3 23. Rcb1 Rfb8 24. Ra2 Qc5 25. Rb5 Qc7 26. Qd2 b6 27.
Ra4 Qd7 28. Qb2 Ra6 29. Raxa5 Rxa5 30. Rxa5 bxa5 31. Qxb8+ Kg7 32. Qb2+ f6 33.
Qb6 a4 34. Qc6 Qa7 35. Qb5 a3 36. Qb1 a2 37. Qa1 Qa3 38. Kg2 Qb3 39. Qd4 Qb1
40. Qa7 Kf7 41. Qd7 Qe4+ 42. f3 Qc2+ 43. Kh3 Qf5+ 44. Qxf5 gxf5 45. Kh4 a1=Q
46. h3 Qf1 47. f4 Qf3 48. e4 fxe4 49. g4 Qxf4 50. c5 Qg5+ 51. Kg3 dxc5 52. h4
Qe3+ 53. Kh2 Qf2+ 54. Kh3 e3 55. d6 exd6 56. g5 Qf3+ 57. Kh2 e2 58. g6+ hxg6
59. h5 gxh5 60. Kg1 e1=Q+ 61. Kh2 Qeh1# 0-1

[Event "4NCL Division 4 South"]
[Site "Reading, ENG"]
[Date "2018.01.13"]
[Round "3.84"]
[White "Burcham, Tony"]
[Black "Balakrishnan, Kathirvel"]
[Result "1/2-1/2"]
[WhiteElo "1662"]
[BlackElo "1573"]
[PlyCount "87"]
[EventDate "2018.01.13"]

1. c4 Nf6 2. g3 e6 3. Bg2 d5 4. d4 c6 5. Nc3 Bd6 6. Nf3 Nbd7 7. O-O O-O 8. Re1
Bb4 9. a3 Bxc3 10. bxc3 Ne4 11. Qc2 Qa5 12. cxd5 exd5 13. c4 Ndf6 14. cxd5 cxd5
15. Bd2 Nxd2 16. Qxd2 Qxd2 17. Nxd2 Be6 18. e4 Rac8 19. e5 Nd7 20. Rec1 Nb6 21.
f4 Rxc1+ 22. Rxc1 Rc8 23. Rxc8+ Bxc8 24. Kf2 Kf8 25. Bf3 Bd7 26. g4 Bc6 27. h4
Na4 28. Nb1 Nb2 29. Ke2 Nc4 30. Nc3 Nxa3 31. Bxd5 Nc2 32. Kd3 Nb4+ 33. Kc4 Nxd5
34. Nxd5 b5+ 35. Kc5 Bxd5 36. Kxd5 b4 37. Kc4 a5 38. d5 Ke7 39. f5 f6 40. e6
Kd6 41. g5 h6 42. gxh6 gxh6 43. h5 Kc7 44. Kb3 1/2-1/2

[Event "4NCL Division 4 South"]
[Site "Reading, ENG"]
[Date "2018.01.13"]
[Round "3.85"]
[White "Thatte, Nandinee"]
[Black "Langham, Rod E"]
[Result "0-1"]
[WhiteElo "1256"]
[BlackElo "1685"]
[PlyCount "146"]
[EventDate "2018.01.13"]

1. d4 d5 2. c4 e6 3. Nc3 Nf6 4. Nf3 c6 5. Bg5 Nbd7 6. e3 Qa5 7. Qc2 Bb4 8. Nd2
Ne4 9. Ndxe4 dxe4 10. Bf4 f5 11. Be2 Be7 12. O-O O-O 13. a3 Qd8 14. h3 Nf6 15.
Rfd1 Qe8 16. b4 Bd7 17. Rd2 Rc8 18. Qb3 Kh8 19. c5 Nd5 20. Bh2 Bg5 21. Nxd5
exd5 22. Be5 a6 23. Rb1 Qg6 24. Qd1 Qh6 25. a4 f4 26. exf4 Bxf4 27. Bxf4 Qxf4
28. Qe1 Rf6 29. Rb3 Rcf8 30. f3 Qg5 31. Rd1 Bxh3 32. Qf2 Be6 33. Qe3 Qxe3+ 34.
Rxe3 exf3 35. Bxf3 g6 36. Rde1 Bf5 37. Re8 Kg7 38. R1e7+ R6f7 39. Rxf7+ Rxf7
40. Re1 h5 41. Re5 Bc2 42. a5 Kf6 43. g4 hxg4 44. Bxg4 Bf5 45. Bxf5 gxf5 46.
Kf2 Rg7 47. Kf3 Rg4 48. Ke3 Re4+ 49. Rxe4 fxe4 50. Kf4 Ke6 51. Kg4 Ke7 52. Kf4
Kf6 53. Kg4 Kg6 54. Kf4 Kh5 55. Kg3 Kg5 56. Kf2 Kf4 57. Ke2 e3 58. Ke1 Ke4 59.
Ke2 Kxd4 60. Ke1 Ke4 61. Ke2 d4 62. Kd1 Kd3 63. Ke1 e2 64. Kf2 Kd2 65. Kf3 e1=Q
66. Kf4 Kd3 67. Kf5 Qe8 68. Kf6 Ke4 69. Kg5 Qf8 70. Kg6 Ke5 71. Kg5 Qg7+ 72.
Kh5 Kf4 73. b5 Qg5# 0-1

[Event "4NCL Division 4 South"]
[Site "Reading, ENG"]
[Date "2018.01.13"]
[Round "3.86"]
[White "Henbest, Kevin B"]
[Black "Thatte, Nilesh"]
[Result "1-0"]
[WhiteElo "1652"]
[BlackElo "1173"]
[PlyCount "69"]
[EventDate "2018.01.13"]

1. e4 e5 2. Nf3 Nc6 3. Bb5 d6 4. d4 a6 5. Bxc6+ bxc6 6. dxe5 Bg4 7. Bf4 Qe7 8.
Qd4 Bxf3 9. gxf3 Rd8 10. exd6 cxd6 11. Nc3 Qh4 12. Bg3 Qh6 13. Rd1 Be7 14. Qb6
Rc8 15. Qxa6 Qe6 16. Ne2 Nf6 17. Nd4 Qd7 18. Nf5 O-O 19. Nxe7+ Kh8 20. Nxc8
Rxc8 21. Rxd6 Qe8 22. Qd3 c5 23. c4 h6 24. Bh4 Ra8 25. Bxf6 gxf6 26. Rxf6 Qf8
27. Qc3 Kh7 28. a3 Qg7 29. Kf1 Rd8 30. Ke2 Rg8 31. Rd1 Rf8 32. Rdd6 Rh8 33.
Rxh6+ Kg8 34. Rd8+ Qf8 35. Qxh8# 1-0

[Event "4NCL Division 4 South"]
[Site "Reading, ENG"]
[Date "2018.01.13"]
[Round "3.91"]
[White "Karia, Kamlesh"]
[Black "Sagues, Vincent"]
[Result "1/2-1/2"]
[WhiteElo "1637"]
[BlackElo "1899"]
[PlyCount "39"]
[EventDate "2018.01.13"]

1. e4 e6 2. d4 d5 3. exd5 exd5 4. Bd3 Bd6 5. Qf3 c6 6. Ne2 Qf6 7. Qxf6 Nxf6 8.
O-O O-O 9. Bf4 Bxf4 10. Nxf4 b6 11. Nd2 Ba6 12. Rfe1 Bxd3 13. Nxd3 Nbd7 14. Re7
Rfe8 15. Rae1 Rxe7 16. Rxe7 Kf8 17. Re1 Re8 18. Rxe8+ Kxe8 19. f3 Ke7 20. Kf2
1/2-1/2

[Event "4NCL Division 4 South"]
[Site "Reading, ENG"]
[Date "2018.01.13"]
[Round "3.92"]
[White "Kenning, Paul H"]
[Black "Carbonez, Lars"]
[Result "1-0"]
[WhiteElo "1855"]
[BlackElo "1532"]
[PlyCount "83"]
[EventDate "2018.01.13"]

1. e4 e5 2. Nc3 Bc5 3. Bc4 d6 4. Na4 Nf6 5. Nxc5 dxc5 6. d3 a6 7. a4 Nc6 8. Nf3
Bg4 9. c3 Rb8 10. Qe2 b5 11. axb5 axb5 12. Bb3 b4 13. Bc4 Qd7 14. Qe3 Qd6 15.
Ra6 Rb6 16. Ra8+ Rb8 17. Ra6 Rb6 18. Ra8+ Rb8 19. Rxb8+ Nxb8 20. Qg5 h6 21.
Qxg7 Rh7 22. Bxf7+ Ke7 23. Qg6 Bh5 24. Qf5 Bxf7 25. Nxe5 Qe6 26. Qf4 Nh5 27.
Qh4+ Ke8 28. Nxf7 Qxf7 29. O-O Nc6 30. f4 Nf6 31. e5 Nd5 32. e6 Qf6 33. Qh5+
Ke7 34. Qxd5 Qxe6 35. Qxc5+ Kd7 36. Bd2 Rg7 37. Re1 Qg6 38. Qd5+ Kc8 39. Re6
Qg4 40. Qxc6 Qd1+ 41. Re1 Re7 42. Rxd1 1-0

[Event "4NCL Division 4 South"]
[Site "Reading, ENG"]
[Date "2018.01.13"]
[Round "3.93"]
[White "Vaidya, Raghav"]
[Black "Collins, Jonathan"]
[Result "0-1"]
[WhiteElo "1495"]
[BlackElo "1807"]
[PlyCount "104"]
[EventDate "2018.01.13"]

1. e4 Nc6 2. Bc4 e5 3. Nf3 Be7 4. c3 Nf6 5. d3 d6 6. Nbd2 O-O 7. O-O Na5 8. Bb5
a6 9. Ba4 b5 10. Bc2 c5 11. Re1 Qc7 12. Nf1 Nc6 13. h3 b4 14. c4 Be6 15. Ng3
Ne8 16. Ba4 g6 17. Bxc6 Qxc6 18. Nf1 Ng7 19. Ne3 Qd7 20. Nd5 Bxd5 21. cxd5 f5
22. b3 f4 23. Bb2 Rf7 24. a3 bxa3 25. Bxa3 Qb7 26. Rb1 a5 27. Bc1 a4 28. Bd2 a3
29. Ra1 Bd8 30. Qc2 Qb5 31. Reb1 Rfa7 32. b4 Bb6 33. bxc5 Qxc5 34. Qxc5 Bxc5
35. Bb4 a2 36. Rb2 Rb8 37. Bc3 Rxb2 38. Bxb2 Ra4 39. Nd2 Ne8 40. Nc4 Nc7 41.
Kf1 Nb5 42. Ke2 Nd4+ 43. Kf1 Nb3 44. Rd1 Bd4 45. Bxd4 exd4 46. Nxd6 Nd2+ 47.
Ke2 Nb1 48. e5 Nc3+ 49. Kf3 Nxd1 50. e6 Ra8 51. Nf7 a1=Q 52. d6 Qa2 0-1